Regimes of narcissism, regimes of despair / (Record no. 75107)

MARC details
000 -LEADER
fixed length control field 00569nam a22001937a 4500
005 - DATE AND TIME OF LATEST TRANSACTION
control field 20130506143734.0
010 ## - LCCN (DPL NO)
LC control number ENG-106979
020 ## - INTERNATIONAL STANDARD BOOK NUMBER
International Standard Book Number 9780198089650
Terms of availability 595.00
020 ## - INTERNATIONAL STANDARD BOOK NUMBER
International Standard Book Number 0198089651
Terms of availability 595.00
035 ## - SYSTEM CONTROL NUMBER
System control number EN-90512
037 ## - SOURCE OF ACQUISITION
Source of stock number/acquisition DBAD/PUB
100 ## - MAIN ENTRY--PERSONAL NAME
Personal name Nandy, Ashis
245 10 - TITLE STATEMENT
Title Regimes of narcissism, regimes of despair /
Statement of responsibility, etc by Ashis Nandy
260 ## - PUBLICATION, DISTRIBUTION, ETC. (IMPRINT)
Place of publication, distribution, etc New Delhi
Name of publisher, distributor, etc Oxford University Press
Date of publication, distribution, etc 2013
270 ## - ADDRESS
Address YMCA Library Building, 1 Jai Singh Road
City New Delhi
Postal code 110001
300 ## - PHYSICAL DESCRIPTION
Extent xviii,198p.
Dimensions 22cm(Hb)
500 ## - GENERAL NOTE
General note Includes index
942 ## - ADDED ENTRY ELEMENTS (KOHA)
Source of classification or shelving scheme Dewey Decimal Classification
Item type English Books
Call number suffix NAN
Holdings
Withdrawn status Lost status Not for loan Collection code Home library Current library Date acquired Source of acquisition Cost, normal purchase price Full call number Barcode Copy number Cost, replacement price Koha item type
    Not For Loan Non-fiction D.B.Act.Division D.B.Act.Division 03/05/2013 DBAD/PUB 595.00 NAN EN-90512 1 595.00 English Books

© Delhi Public Library
Hit Counter
free hit counter